000 00276nam a22001217a 4500
003 OSt
005 20260210122232.0
008 260210b |||||||| |||| 00| 0 eng d
040 _cXAPKIB
082 _a610.76
_bTAH
245 _aStudy Guide to Basic Pharmacology
942 _2ddc
_cBK
999 _c4148
_d4148